The biological & chemical warfare threat.

Bibliographic Details
Corporate Author: United States. Central Intelligence Agency
Format: Government Document Book
Language:English
Published: [Washington, D.C.?] : [Central Intelligence Agency], 1999.
Edition:Rev. ed.
Subjects:

MARC

Tag First Indicator Second Indicator Subfields
LEADER 00000cam a2200000 a 4500
001 in00000006701
005 20150930080013.0
008 991004s1999 dcuab f000 0 eng c
035 |a (OCoLC)ocm42808236 
035 |9 AJK9117AM 
040 |d GAO  |d GPO  |d DLC  |d MvI  |d UtOrBLW 
042 |a pcc 
049 |a UDOC 
074 |a 0856-A-02 
086 0 |a PREX 3.2:B 52/2 
090 |a UG447  |b .B56 1999 
092 |a 358.3 
245 0 4 |a The biological & chemical warfare threat. 
246 3 |a Biological and chemical warfare threat 
250 |a Rev. ed. 
264 1 |a [Washington, D.C.?] :  |b [Central Intelligence Agency],  |c 1999. 
300 |a iv, 56 pages :  |b color illustrations, color maps ;  |c 28 cm. 
336 |a text  |b txt  |2 rdacontent 
337 |a unmediated  |b n  |2 rdamedia 
338 |a volume  |b nc  |2 rdacarrier 
500 |a G.P.O. sales statement incorrect in publication. 
500 |a Shipping list number: 99-0374-P. 
500 |a Shipping List #: 99-0374-P 
500 |a Shipping List Date: 09/23/99 
650 0 |a Biological warfare. 
650 0 |a Chemical warfare. 
650 0 |a Chemical agents (Munitions) 
710 1 |a United States.  |b Central Intelligence Agency. 
999 |a MARS 
999 f f |s 5c5cb40d-5302-3f5c-9281-9dff69c498d0  |i e40f36ee-df7d-3541-ab5b-b75f9431cf3d  |t 0